Online
Catalog

Extreme magic, : (Record no. 18271)

MARC details
000 -CABECERA
campo de control de longitud fija 00582cam a22002051 4500
001 - NÚMERO DE CONTROL
campo de control 000018751
005 - FECHA Y HORA DE LA ÚLTIMA TRANSACCIÓN
campo de control 20200929165843.0
008 - DATOS DE LONGITUD FIJA--INFORMACIÓN GENERAL
campo de control de longitud fija 720411s1964 mau 000 1 eng
010 ## - NÚMERO DE CONTROL DE LA BIBLIOTECA DEL CONGRESO
Número de control de LC 64015045
035 ## - NÚMERO DE CONTROL DEL SISTEMA
Número de control de sistema (OCoLC)281004
040 ## - FUENTE DE LA CATALOGACIÓN
Centro catalogador/agencia de origen DO-SdBNP
Centro/agencia transcriptor ODaWU
Centro/agencia modificador OCoLC
-- DLC
042 ## - CÓDIGO DE AUTENTICACIÓN
Código de autenticación premarc
050 00 - SIGNATURA TOPOGRÁFICA DE LA BIBLIOTECA DEL CONGRESO
Número de clasificación PZ4.C154
Número de documento/Ítem Ex
Número de clasificación PS3553.A4
100 1# - ENTRADA PRINCIPAL--NOMBRE DE PERSONA
Nombre de persona Calisher, Hortense.
9 (RLIN) 11598
245 10 - MENCIÓN DE TÍTULO
Título Extreme magic, :
Resto del título a novella and other stories.
250 ## - MENCIÓN DE EDICIÓN
Mención de edición [1st ed.]
260 ## - PUBLICACIÓN, DISTRIBUCIÓN, ETC.
Lugar de publicación, distribución, etc. Boston, :
Nombre del editor, distribuidor, etc. Little, Brown,
Fecha de publicación, distribución, etc. [1964].
300 ## - DESCRIPCIÓN FÍSICA
Extensión 260 p. ;
Dimensiones 21 cm.
910 ## - DATOS DE OPCIÓN DEL USUARIO (OCLC)
Datos de opción del usuario Catalogación derivada / LC
Holdings
Estado de retiro Estado de pérdida Restricciones de uso No para préstamo Código de colección Localización permanente Ubicación/localización actual Ubicación en estantería Fecha de adquisición Número de inventario Total de préstamos Signatura topográfica completa Código de barras Fecha visto por última vez Precio válido a partir de Tipo de ítem Koha
      Excluido de préstamo Monografías: Libros y Folletos General General Depósito 14.05.2010 LF1   18751-10 25.06.2020 25.06.2020 No se presta

Powered by Koha